Statistics for 40 Lakes on the World Map

Click here to take the quiz!

General Stats

  • This quiz has been taken 220 times
  • The average score is 15 of 41

Answer Stats

ANSWER % Correct
Michigan
97%
Victoria
95%
Superior
93%
Erie
91%
Huron
89%
Ontario
85%
Baikal
85%
Malawi
80%
Great Bear
71%
Titicaca
67%
Great Slave
67%
Aral
58%
Tanganyika
52%
Ladoga
47%
Great Salt
47%
Winnipeg
46%
Nicaragua
45%
Chad
32%
Onega
27%
Albert
25%
Athabasca
22%
Balkhash
20%
Manitoba
16%
Vänern
14%
(of the) Woods
13%
Saimaa
11%
Winnipegosis
11%
IJsselmeer
9%
Issyk-Kul
9%
Nipigon
9%
Reindeer
9%
Tana
6%
Okeechobee
6%
Mistassini
5%
Manicouagan
5%
Mälaren
5%
St. Clair
4%
Rybinsk
3%
Wollaston
2%
Syvash
1%
Minim
0%

Score Distribution

Percentile by Number Answered

Percent of People with Each Score

Your Score History

You have not taken this quiz